000 00631nam a2200169 a 4500
001 000038064
005 20201002031151.0
008 130312s2011 dr ad 000 0 spa d
040 _aDO-SdBNP
_bspa
_cBNPHU
100 1 _aFuente, Jorge de la
_964462
245 1 0 _a¿Qué es la planificación estratégica y cómo se utiliza en el sector público? /
_cJorge de la Fuente.
260 _aSanto Domingo :
_bMinisterio de Economía, Planificación y Desarrollo,
_c2011.
300 _a29 p. :
_bil., gráf. ;
_c21 cm.
490 1 _aPlanificación
_v5-
500 _aIncluye notas al pie de las páginas
830 0 _aPlanificación
_v5
_964460
999 _c37554
_d37554